Normal view
MARC view
- Yasir Raza
Entry Personal Name
001 - CONTROL NUMBER
- control field: 103621
003 - CONTROL NUMBER IDENTIFIER
- control field: NUST
005 - DATE AND TIME OF LATEST TRANSACTION
- control field: 20221125124748.0
008 - FIXED-LENGTH DATA ELEMENTS
- fixed length control field: 221125|| aca||aabn | a|a d
040 ## - CATALOGING SOURCE
- Original cataloging agency: NUST
- Transcribing agency: NUST
100 ## - HEADING--PERSONAL NAME
- Personal name: Yasir Raza
670 ## - SOURCE DATA FOUND
- Source citation: Work cat.: (NUST): Yasir Raza, TH-SOF-2109-Image-Based Multi-Object Tracking Using Reduced Order Observer, 2022.
